000 00324nam a22001337a 4500
020 _a0596005717
082 _222
_a005.133
100 _aSierra, Kathy and Bates, Bert.
245 _aHead first EJB /
250 _a1st.
260 _aCalfornia,
_bO'Reilly,
_cc2003.
300 _axxx, 700p. ;
_bill. ;
_c23 cm.
942 _2ddc
_cIT
999 _c1829
_d1829